| 000 | 01747cam a22004577a 4500 | ||
|---|---|---|---|
| 003 | CHAP | ||
| 005 | 20220329142821.0 | ||
| 008 | 040420s2002 mx r 00010 spa d | ||
| 010 | _a88228 | ||
| 011 | _a89200 | ||
| 035 | _a99751 | ||
| 040 | _cCHAP | ||
| 090 | _aTesis | ||
| 100 | 0 | 0 |
_aJiménez Santillán, Martiniano. _961646 |
| 245 | 1 | 0 |
_aEcologia química de Dendroctonus valens LeConte (coleoptera: scolytidae) en Atlautla Edo. de México. _c/por Martiniano Jiménez Santillán |
| 260 |
_aChapingo, Méx. : _bEl autor, _c2003. |
||
| 300 |
_a43 h. : _bilus.; gráfs.; mapas. |
||
| 502 | _aTesis (Ing. Agr. Esp. en Parasitología Agrícola) -- UACH. Departamento de Parasitología Agrícola. | ||
| 530 | _aTambién disponible en línea | ||
| 590 |
_aALEPH _b10 _c20130110 _lUCH01 _h1456 |
||
| 590 |
_aBATCH-UPD _b10 _c20130110 _lUCH01 _h0345 |
||
| 590 |
_aBATCH-UPD _b10 _c20130110 _lUCH01 _h2028 |
||
| 590 |
_aBATCH-UPD _b10 _c20130410 _lUCH01 _h0018 |
||
| 590 |
_aBATCH-UPD _b10 _c20130410 _lUCH01 _h1512 |
||
| 590 |
_aBATCH-UPD _b10 _c20130914 _lUCH01 _h1141 |
||
| 590 |
_aBATCH-UPD _b10 _c20140324 _lUCH01 _h1443 |
||
| 590 |
_aBATCH-UPD _b10 _c20141002 _lUCH01 _h0820 |
||
| 590 |
_aCONVERSION _b10 _c20130109 _lUCH01 _h1349 |
||
| 650 | 1 | 4 |
_aDendroctonus valens. _931781 |
| 650 | 1 | 4 |
_aEscolítidos. _937563 |
| 650 | 1 | 4 |
_aInsectos _xConservación. _958907 |
| 650 | 1 | 4 |
_aInsectos _xIdentificación. _958929 |
| 650 | 1 | 4 |
_aOphiostoma. _983367 |
| 650 | 1 | 4 |
_aTrampas para insectos. _9114609 |
| 856 |
_3Finding aid _uhttp://10.13.5.2/tesis/99751.pdf _zTeclea aqui |
||
| 901 | _aBK | ||
| 905 | _aElisama | ||
| 942 | _cFOLL | ||
| 949 |
_aTesis _bBC _cTES _d33724000922522 _eTS2 _fc.2 _h41653 _i99751 _si |
||
| 949 |
_aTesis _bBC _cTES _d99751 _eTS1 _h41652 _i99751 _sb |
||
| 999 |
_c88228 _d88228 |
||